|
|
|
|
| LEADER |
02237nam a2200541 a 4500 |
| 001 |
nkc20051634678 |
| 003 |
CZ PrNK |
| 005 |
20060224150748.0 |
| 007 |
ta |
| 008 |
051212s2005 xr e f 000 0 cze |
| 015 |
|
|
|a cnb001634678
|
| 020 |
|
|
|a 80-86684-29-6
|q (brož.)
|z 8086684296
|
| 035 |
|
|
|a (OCoLC)85165751
|
| 040 |
|
|
|a BOA001
|b cze
|d OLA001
|d ABA001
|
| 043 |
|
|
|a e------
|a e-xr---
|
| 072 |
|
7 |
|a 332
|x Regionální ekonomie, regionální ekonomika
|2 Konspekt
|9 4
|
| 080 |
|
|
|a 339.926
|2 MRF
|
| 080 |
|
|
|a 332.055.2
|2 MRF
|
| 080 |
|
|
|a [061:005.56]-027.543
|2 MRF
|
| 080 |
|
|
|a 005.591:336
|2 MRF
|
| 080 |
|
|
|a (4)
|2 MRF
|
| 080 |
|
|
|a (437.3)
|2 MRF
|
| 080 |
|
|
|a (072)
|2 MRF
|
| 110 |
1 |
|
|a Česko.
|b Ministerstvo pro místní rozvoj.
|b Odbor Rámce podpory Společenství
|7 kn20050517024
|
| 245 |
1 |
0 |
|a Metodika pro přípravu programových dokumentů pro období 2007-2013 /
|c Ministerstvo pro místní rozvoj ČR
|
| 250 |
|
|
|a Vyd. 1.
|
| 260 |
|
|
|a Praha :
|b IREAS, Institut pro strukturální politiku,
|c 2005
|
| 300 |
|
|
|a 80 s. ;
|c 21 cm
|
| 500 |
|
|
|a Podle zadání Ministerstva pro místní rozvoj ČR (Odbor Rámce podpory Společenství) zpracoval IREAS, Institut pro strukturální politiku ve spolupráci s Elbona
|
| 500 |
|
|
|a 200 výt.
|
| 504 |
|
|
|a Obsahuje bibliografické odkazy
|
| 650 |
0 |
7 |
|a strukturální fondy
|7 ph126155
|z země Evropské unie
|2 czenas
|
| 650 |
0 |
7 |
|a regionální rozvoj
|7 ph125083
|z Česko
|2 czenas
|
| 650 |
0 |
7 |
|a mezinárodní programy a projekty
|7 ph136669
|z Česko
|2 czenas
|
| 650 |
0 |
7 |
|a financování programů a projektů
|7 ph166419
|z Česko
|2 czenas
|
| 650 |
0 |
9 |
|a structural funds
|z European Union countries
|2 eczenas
|
| 650 |
0 |
9 |
|a regional development
|z Czechia
|2 eczenas
|
| 650 |
0 |
9 |
|a international programs and projects
|z Czechia
|2 eczenas
|
| 650 |
0 |
9 |
|a project financing
|z Czechia
|2 eczenas
|
| 655 |
|
7 |
|a metodické příručky
|7 fd132826
|2 czenas
|
| 655 |
|
9 |
|a methodological manuals
|2 eczenas
|
| 710 |
2 |
|
|a IREAS (organizace)
|7 kn20030418005
|
| 710 |
2 |
|
|a Elbona (firma)
|7 kn20060208015
|
| 910 |
2 |
|
|a BOA001
|b 2-1161.313
|
| 990 |
|
|
|a BK
|
| 995 |
|
|
|a 01
|
| 991 |
|
|
|b 200601
|c NOV
|
| 996 |
6 |
|
|b 2610268405
|c 2-1161.313
|l MZK
|r Sklad / do 1 hodiny
|n 6
|p p.v.
|w 000801290
|u 000010
|a 1
|e BOA001
|j MZK50
|s P
|